مكتبة جامعة عجلون الوطنية

فهرس بحث المكتبة

Normal view MARC view
  • محمد، عجيلة، م.مشارك بكاي احمد، م.مشارك سعيداني محمد السعيد

Entry Personal Name

Number of records used in: 1

001 - CONTROL NUMBER

  • control field: 63913

003 - CONTROL NUMBER IDENTIFIER

  • control field: JO-AjAnu

005 - DATE AND TIME OF LATEST TRANSACTION

  • control field: 20230606084429.0

008 - FIXED-LENGTH DATA ELEMENTS

  • fixed length control field: 230606|| aca||aabn | a|a d

040 ## - CATALOGING SOURCE

  • Original cataloging agency: JO-AjAnu
  • Transcribing agency: JO-AjAnu

100 ## - HEADING--PERSONAL NAME

  • Personal name: محمد، عجيلة، م.مشارك بكاي احمد، م.مشارك سعيداني محمد السعيد

670 ## - SOURCE DATA FOUND

  • Source citation: Work cat.: (JO-AjAnu)32583: محمد، عجيلة، م.مشارك بكاي احمد، م.مشارك سعيداني محمد السعيد, author, معايير اختيار الاستثمارات والتقييم المالي للمؤسسات: المدخل النظري والتطبيقي موجه لطلبة العلوم الاقتصادية والتجارية وعلوم التسيير نظامLMD